The United States and Japan in 1996 : Redefining the Partnership
Salvato in:
| Natura: | Libro |
|---|---|
| Lingua: | Undetermined |
| Pubblicazione: |
Washington
The Nitze School of Advanced International Studies of The Johns Hopkins University, International University of Jpan
1996
|
| Soggetti: | |
| Tags: |
Aggiungi Tag
Nessun Tag, puoi essere il primo ad aggiungerne! !
|
| Thư viện lưu trữ: | Trung tâm Học liệu Trường Đại học Cần Thơ |
|---|
| LEADER | 00624nam a2200181Ia 4500 | ||
|---|---|---|---|
| 001 | CTU_108322 | ||
| 008 | 210402s9999 xx 000 0 und d | ||
| 082 | |a 327.73952 | ||
| 082 | |b U58/1996 | ||
| 245 | 4 | |a The United States and Japan in 1996 : | |
| 245 | 0 | |b Redefining the Partnership | |
| 260 | |a Washington | ||
| 260 | |b The Nitze School of Advanced International Studies of The Johns Hopkins University, International University of Jpan | ||
| 260 | |c 1996 | ||
| 650 | |a United states,Japan | ||
| 650 | |x Foreign relations,Foreign relations | ||
| 904 | |i Năm | ||
| 980 | |a Trung tâm Học liệu Trường Đại học Cần Thơ | ||